[Event "Challenge"]
[Site "http://www.queenalice.com/game.php?id=816766"]
[Date "2010.8.11"]
[Round "-"]
[White "mking"]
[Black "Rafvanmar"]
[Result "0-1"]
[WhiteElo "1500"]
[BlackElo "2370"]

1. e4 d6 2. d4 Nf6 3. Nc3 g6 4. Be3 Bg7 5. Qd2 Ng4 6. Bg5 h6 7. Bh4 g5 8. Bg3 f5
9. exf5 Bxf5 10. O-O-O Nc6 11. Nf3 e6 12. Re1 Ne7 13. Bb5+ c6 14. Bc4 d5 15. Bd3
Nf6 16. h4 g4 17. Ne5 h5 18. Kb1 O-O 19. f3 Rc8 0-1

[Event "Challenge"]
[Site "http://www.queenalice.com/game.php?id=816860"]
[Date "2010.8.11"]
[Round "-"]
[White "Rafvanmar"]
[Black "mking"]
[Result "1-0"]
[WhiteElo "2371"]
[BlackElo "1500"]

1. d4 Nf6 2. c4 e6 3. Nc3 Bb4 4. Nf3 c5 5. d5 d6 6. Bd2 O-O 7. e3 exd5 8. Nxd5
Bxd2+ 9. Qxd2 Nxd5 10. cxd5 Nd7 11. Bd3 Nf6 12. h3 h6 13. Bc2 Re8 14. O-O Ne4
15. Bxe4 Rxe4 16. Qd3 Bf5 17. Nd2 Rd4 18. Qxf5 Rxd2 19. b3 Qg5 20. Qxg5 hxg5 21.
Rfd1 Rxd1+ 22. Rxd1 Re8 23. Kf1 1-0

[Event "Challenge"]
[Site "http://www.queenalice.com/game.php?id=817282"]
[Date "2010.8.12"]
[Round "-"]
[White "Whitecharger"]
[Black "mking"]
[Result "1-0"]
[WhiteElo "2420"]
[BlackElo "1500"]

1. d4 Nf6 2. Nf3 e6 3. g3 c5 4. Bg2 cxd4 5. O-O d5 6. Nxd4 e5 7. Nb3 Be6 8. e4
dxe4 9. Qxd8+ Kxd8 10. Nc3 Kc7 11. Nxe4 Nxe4 12. Bxe4 f5 13. Bg2 Nc6 14. Bd2 Rd8
15. Bxc6 Kxc6 16. Bc3 Bd6 17. Rfe1 Rhe8 18. Bxe5 Bxb3 19. Bxd6 Rxe1+ 20. Rxe1
Bxc2 21. Be5 1-0

[Event "Challenge"]
[Site "http://www.queenalice.com/game.php?id=817283"]
[Date "2010.8.12"]
[Round "-"]
[White "Rudolf"]
[Black "mking"]
[Result "1/2-1/2"]
[WhiteElo "2411"]
[BlackElo "1500"]

1. e4 c5 2. Nf3 Nc6 3. d4 cxd4 4. Nxd4 e5 5. Nb5 d6 6. c4 Be7 7. N1c3 a6 8. Na3
f5 9. Bd3 f4 10. Nc2 Nh6 11. b3 O-O 12. Be2 Nf7 13. Nd5 Ng5 14. f3 Ne6 15. Nxe7+
Qxe7 16. h4 a5 17. Bb2 Rd8 18. Qd2 Bd7 19. O-O-O Be8 20. Kb1 Bh5 21. Qe1 Qc7 22.
Rg1 Kh8 23. Bc3 a4 24. b4 Bg6 25. g3 fxg3 26. Rxg3 Nf4 27. Bf1 a3 28. b5 Ne7 29.
Bb4 Ra4 30. Bxa3 Bf7 31. Qd2 Bxc4 32. Bxd6 Qb6 33. Bxc4 Rxc4 34. Rxg7 Rc6 35.
Rg6 Nfxg6 36. Bxe5+ Nxe5 37. Qxd8+ Ng8 38. Qxb6 Rxb6 39. Nd4 Rf6 40. Nf5 Nxf3
41. Rd3 Ne5 42. Rd8 1/2-1/2

[Event "Challenge"]
[Site "http://www.queenalice.com/game.php?id=817284"]
[Date "2010.8.12"]
[Round "-"]
[White "mking"]
[Black "darewing"]
[Result "0-1"]
[WhiteElo "1500"]
[BlackElo "2435"]

1. e4 d5 2. exd5 Qxd5 3. Nc3 Qa5 4. d4 Nf6 5. Nf3 c6 6. Bc4 Bf5 7. Bd2 e6 8. Nd5
Qd8 9. Nxf6+ gxf6 10. O-O Nd7 11. Re1 Qc7 12. Nh4 Bg6 13. Bxe6 fxe6 14. Rxe6+
Kf7 15. Qe2 Nb6 0-1

[Event "Challenge"]
[Site "http://www.queenalice.com/game.php?id=817840"]
[Date "2010.8.13"]
[Round "-"]
[White "mking"]
[Black "Carotino"]
[Result "0-1"]
[WhiteElo "1500"]
[BlackElo "2359"]

1. e4 e6 2. d4 d5 3. Nc3 Bb4 4. e5 b6 5. h4 Ba6 6. Qg4 Bf8 7. Bxa6 Nxa6 8. a3
Qd7 9. h5 h6 10. Bd2 c5 11. dxc5 Nb8 12. cxb6 axb6 13. Nf3 Ne7 14. Qf4 Na6 15.
O-O Rc8 16. Nd4 Nc6 17. Ndb5 Nc7 18. a4 Bc5 19. Qg3 Kf8 20. Be3 Nxb5 0-1

[Event "Challenge"]
[Site "http://www.queenalice.com/game.php?id=817891"]
[Date "2010.8.13"]
[Round "-"]
[White "bonow"]
[Black "mking"]
[Result "0-1"]
[WhiteElo "2143"]
[BlackElo "1500"]

1. e4 c5 2. Nf3 Nc6 3. d4 cxd4 4. Nxd4 e5 5. Nb5 d6 6. N1c3 a6 7. Na3 Be7 8. Nd5
Nf6 9. Nxf6+ Bxf6 10. Bc4 O-O 11. O-O Qc7 12. Be3 Ne7 13. Bb3 b5 14. Qd3 Bb7 15.
Rad1 Rfd8 16. c4 b4 17. Nc2 a5 18. Ba4 Rac8 19. b3 Ba6 20. a3 d5 21. exd5 Nxd5
22. axb4 axb4 23. Qf5 Be7 24. h3 g6 25. Qf3 Nc3 26. Rxd8+ Rxd8 27. Qc6 Qxc6 28.
Bxc6 Bxc4 29. bxc4 b3 30. Kh2 Rc8 31. Bd5 Nxd5 32. cxd5 Rxc2 33. Rb1 b2 34. Kg3
Ba3 35. f4 Rc3 36. Kf2 e4 37. g4 Rc2+ 38. Kg3 Rc1 39. Bxc1 bxc1=Q 40. Rxc1 Bxc1
41. f5 gxf5 42. gxf5 Kf8 43. Kf2 Ke7 44. Ke2 Kd6 45. Kd1 Bg5 46. Ke2 Kxd5 47.
Kd1 Ke5 48. Ke2 Kxf5 49. h4 Bxh4 50. Kd1 Kf4 51. Ke2 f5 52. Kf1 Kf3 53. Kg1 Bg3
54. Kf1 e3 55. Kg1 e2 0-1

[Event "Challenge"]
[Site "http://www.queenalice.com/game.php?id=817931"]
[Date "2010.8.13"]
[Round "-"]
[White "igorzz"]
[Black "mking"]
[Result "1-0"]
[WhiteElo "2356"]
[BlackElo "1500"]

1. e4 c5 2. Nf3 Nc6 3. d4 cxd4 4. Nxd4 e5 5. Nb5 d6 6. N1c3 a6 7. Na3 Be7 8. Be3
Rb8 9. Nd5 b5 10. c4 b4 11. Nc2 Nf6 12. Bd3 O-O 13. O-O a5 14. Qd2 Nd7 15. f4
exf4 16. Bxf4 Nc5 17. Nce3 Bg5 18. Rad1 b3 19. a3 Bxf4 20. Rxf4 Ne5 21. Be2 1-0

[Event "Challenge"]
[Site "http://www.queenalice.com/game.php?id=817956"]
[Date "2010.8.14"]
[Round "-"]
[White "Cueball600"]
[Black "mking"]
[Result "1-0"]
[WhiteElo "2316"]
[BlackElo "1500"]

1. e4 c5 2. e5 Nc6 3. Nf3 g6 4. d4 cxd4 5. c3 Qa5 6. Be2 Bg7 7. O-O Nxe5 8. cxd4
Nxf3+ 9. Bxf3 e6 10. Nd2 Ne7 11. Nc4 Qc7 12. b3 d5 13. Ne5 O-O 14. Ba3 Re8 15.
Qd2 Nc6 16. Rac1 a5 17. Rfe1 a4 18. Bb2 1-0

[Event "Challenge"]
[Site "http://www.queenalice.com/game.php?id=836181"]
[Date "2010.9.22"]
[Round "-"]
[White "KLEOJ"]
[Black "mking"]
[Result "1-0"]
[WhiteElo "2178"]
[BlackElo "1500"]

1. Nc3 d5 2. d4 Nf6 3. Bf4 c5 4. e3 cxd4 5. exd4 a6 6. Bd3 Nc6 7. Nf3 Bg4 8. Be2
e6 9. O-O Bd6 10. Ne5 Bxe2 11. Nxe2 1-0

[Event "Challenge"]
[Site "http://www.queenalice.com/game.php?id=843493"]
[Date "2010.10.9"]
[Round "-"]
[White "ysar"]
[Black "mking"]
[Result "1-0"]
[WhiteElo "2132"]
[BlackElo "1500"]

1. e4 d5 2. exd5 Nf6 3. d4 Bg4 4. f3 Bf5 5. Bb5+ c6 6. dxc6 Nxc6 7. c4 Qc7 8.
Qa4 O-O-O 9. Bxc6 bxc6 10. Ne2 e5 11. Be3 1-0

[Event "Challenge"]
[Site "http://www.queenalice.com/game.php?id=843798"]
[Date "2010.10.10"]
[Round "-"]
[White "ernesto_che"]
[Black "mking"]
[Result "0-1"]
[WhiteElo "2187"]
[BlackElo "1500"]

1. Nf3 c5 2. c4 Nc6 3. Nc3 e5 4. e3 Nf6 5. d4 cxd4 6. exd4 e4 7. Ng5 Bb4 8. d5
Bxc3+ 9. bxc3 Na5 10. Ba3 d6 11. Qc2 O-O 12. Be2 Re8 13. O-O h6 14. Nh3 Bxh3 15.
gxh3 Rc8 16. Qa4 e3 17. Qb4 Ne4 18. fxe3 Qg5+ 19. Kh1 Qxe3 20. Bg4 Nf2+ 0-1

[Event "Challenge"]
[Site "http://www.queenalice.com/game.php?id=843809"]
[Date "2010.10.10"]
[Round "-"]
[White "mking"]
[Black "zdzicho"]
[Result "0-1"]
[WhiteElo "1500"]
[BlackElo "2335"]

1. e4 e6 2. d4 d5 3. Nc3 Bb4 4. e5 c5 5. a3 Bxc3+ 6. bxc3 Qc7 7. Qg4 Ne7 8. Qxg7
Rg8 9. Qxh7 cxd4 10. Ne2 dxc3 11. f4 Nbc6 12. Qd3 d4 13. Ng3 Bd7 14. Be2 Qb6 15.
Ne4 Rxg2 0-1

[Event "Challenge"]
[Site "http://www.queenalice.com/game.php?id=849579"]
[Date "2010.10.23"]
[Round "-"]
[White "mking"]
[Black "MisterTibs"]
[Result "0-1"]
[WhiteElo "1500"]
[BlackElo "2303"]

1. e4 e6 2. d4 d5 3. Nc3 dxe4 4. Nxe4 Nd7 5. Nf3 Ngf6 6. Nxf6+ Nxf6 7. c3 Be7 8.
Bf4 O-O 9. Bd3 c5 10. dxc5 Bd7 11. Qc2 Bc6 12. O-O-O Qc8 13. Ne5 Bxc5 14. Rhe1
g6 15. h4 Bd5 16. Kb1 b5 0-1

[Event "Challenge"]
[Site "http://www.queenalice.com/game.php?id=857765"]
[Date "2010.11.11"]
[Round "-"]
[White "ernesto_che"]
[Black "mking"]
[Result "1-0"]
[WhiteElo "2216"]
[BlackElo "1500"]

1. Nf3 c5 2. c4 g6 3. e3 Bg7 4. Nc3 Nf6 5. d4 O-O 6. Be2 cxd4 7. exd4 d5 8. O-O
Nc6 9. Bf4 Bg4 10. b3 Ne4 11. Nxe4 dxe4 12. Ne5 1-0